|
|
|
|
| LEADER |
01145nab a2200169 i 4500 |
| 001 |
univ72807 |
| 005 |
20250103094501.0 |
| 008 |
250103s2024 hu o 000 hun d |
| 040 |
|
|
|a SZTE UnivHistória Repozitórium
|b hun
|
| 041 |
|
|
|a hun
|
| 245 |
0 |
0 |
|a Szent Márton-díjjal ismerték el Dr. Kovács Dénes, a Reménysugár Alapítvány vezetőjének munkáját
|h [elektronikus dokumentum]
|
| 260 |
|
|
|c 2024-12-23
|
| 490 |
0 |
|
|a Szegedinap.hu
|
| 561 |
|
|
|a Egyetemi hirarchívum
|
| 695 |
|
|
|a Kitüntetés, Reménysugár Alapítvány a Dél-Alföldi Hematológiai és Onkológiai Gyermekbetegekért - Szent Márton-díj, Gyermekgyógyászati Klinika és Gyermekegészségügyi Központ - Onko-Haematológiai Osztály, Szent-Györgyi Albert Klinikai Központ - SZAKK, Kovács Dénes - szakpszichológus - lelki gondozó - Reménysugár Alapítvány kuratóriumi elnöke
|
| 700 |
0 |
2 |
|a Kovács-Jerney Ádám
|
| 856 |
4 |
0 |
|u http://univ.bibl.u-szeged.hu/72807/1/Szent%20M%C3%A1rton-d%C3%ADjjal%20ismert%C3%A9k%20el%20Dr.%20Kov%C3%A1cs%20D%C3%A9nes%2C%20a%20Rem%C3%A9nysug%C3%A1r%20Alap%C3%ADtv%C3%A1ny%20vezet%C5%91j%C3%A9nek%20munk%C3%A1j%C3%A1t.pdf
|z Dokumentum-elérés
|